<?xml version="1.0" encoding="UTF-8"?>
<record
    xmlns:xsi="http://www.w3.org/2001/XMLSchema-instance"
    xsi:schemaLocation="http://www.loc.gov/MARC21/slim http://www.loc.gov/standards/marcxml/schema/MARC21slim.xsd"
    xmlns="http://www.loc.gov/MARC21/slim">

  <leader>03611cam a22004814i 4500</leader>
  <controlfield tag="003">PE-LiUPU</controlfield>
  <controlfield tag="005">20250731173052.0</controlfield>
  <controlfield tag="008">180305s2017    ne      r     001 0 eng d</controlfield>
  <datafield tag="020" ind1=" " ind2=" ">
    <subfield code="a">9789004338531</subfield>
  </datafield>
  <datafield tag="035" ind1=" " ind2=" ">
    <subfield code="a">(Sirsi) a241419</subfield>
  </datafield>
  <datafield tag="040" ind1=" " ind2=" ">
    <subfield code="a">PE-LiUPU</subfield>
    <subfield code="b">spa</subfield>
    <subfield code="c">PE-LiUPU</subfield>
    <subfield code="e">rda</subfield>
  </datafield>
  <datafield tag="049" ind1=" " ind2=" ">
    <subfield code="a">PRUA</subfield>
  </datafield>
  <datafield tag="082" ind1="0" ind2="4">
    <subfield code="a">202.16</subfield>
    <subfield code="b">D5</subfield>
    <subfield code="2">23</subfield>
  </datafield>
  <datafield tag="245" ind1="0" ind2="0">
    <subfield code="a">Demons and illness from antiquity to the early-modern period /</subfield>
    <subfield code="c">edited by Siam Bhayro and Catherine Rider.</subfield>
  </datafield>
  <datafield tag="264" ind1=" " ind2="1">
    <subfield code="a">Leiden :</subfield>
    <subfield code="b">Brill,</subfield>
    <subfield code="c">2017.</subfield>
  </datafield>
  <datafield tag="300" ind1=" " ind2=" ">
    <subfield code="a">xiv, 433 p&#xE1;ginas ;</subfield>
    <subfield code="c">25 cent&#xED;metros.</subfield>
  </datafield>
  <datafield tag="336" ind1=" " ind2=" ">
    <subfield code="a">text</subfield>
    <subfield code="2">rdacontent</subfield>
  </datafield>
  <datafield tag="337" ind1=" " ind2=" ">
    <subfield code="a">unmediated</subfield>
    <subfield code="2">rdamedia</subfield>
  </datafield>
  <datafield tag="338" ind1=" " ind2=" ">
    <subfield code="a">volume</subfield>
    <subfield code="2">rdacarrier</subfield>
  </datafield>
  <datafield tag="490" ind1="0" ind2=" ">
    <subfield code="a">Magical and religious literature of Late Antiquity,</subfield>
    <subfield code="x">2211-016X ;</subfield>
    <subfield code="v">Volume 5</subfield>
  </datafield>
  <datafield tag="504" ind1=" " ind2=" ">
    <subfield code="a">&#xCD;ndices : p&#xE1;ginas 419-433.</subfield>
  </datafield>
  <datafield tag="505" ind1=" " ind2=" ">
    <subfield code="a">Introduction / Siam Bhayro and Catherine Rider -- Ancient Mesopotamia and Egypt. Shifting Alignments : The Dichotomy of Benevolent and Malevolent Demons in Mesopotamia / Gina Konstantopoulos -- The Natural and Supernatural Aspects of Fever in Mesopotamian Medical Texts / Andr&#xE1;s B&#xE1;cksay -- Illness as Divine Punishment : The Nature and Function of the Disease-Carrier Demons in the Ancient Egyptian Magical Texts / Rita Lucarelli -- Demons at Work in Ancient Mesopotamia / Lorenzo Verderame -- Second Temple Judaism and Late Antiquity. Demons and Illness in Second Temple Judaism : Theory and Practice / Ida Fr&#xF6;hlich -- Illness and Healing through Spell and Incantation in the Dead Sea Scrolls / David Hamidovi&#x107; -- Conceptualizing Demons in Late Antique Judaism / Gideon Bohak -- Oneiric Aggressive Magic : Sleep Disorders in Late Antique Jewish Tradition / Alessia Bellusci -- The Influence of Demons on the Human Mind According to Athenagoras and Tatian / Chiara Crosignani -- Demonic Anti-Music and Spiritual Disorder in the Life of Antony / Sophie Sawicka-Sykes -- Over-eating Demoniacs in Late Antique Hagiography / Sophie Lunn-Rockliffe -- Medieval. Miracles and Madness: Dispelling Demons in Twelfth-Century Hagiography / Anne E. Bailey -- Demons in Lapidaries? The Evidence of the Madrid MS Escorial, h.I.15 / M. Carolina Escobar Vargas -- The Melancholy of the Necromancer in Arnau de Vilanova's Epistle against Demonic Magic / Sebasti&#xE0; Giralt -- Demons, Illness and Spiritual Aids in Natural Magic and Image Magic / Lauri Ockenstr&#xF6;m -- Between Medicine and Magic : Spiritual Aetiology and Therapeutics in Medieval Islam / Liana Saif -- Demons, Saints, and the Mad in the Twelfth-Century Miracles of Thomas Becket / Claire Trenery -- Early Modernity. The Post-Reformation Challenge to Demonic Possession / Harman Bhogal -- From A Discoverie to The Triall of Witchcraft : Doctor Cotta and Godly John / Pierre Kapitaniak -- Healing with Demons? Preternatural Philosophy and Superstitious Cures in Spanish Inquisitorial Courts / Bradley J. Mollmann -- Afterword : Pandaemonium / Peregrine Horden.</subfield>
  </datafield>
  <datafield tag="526" ind1=" " ind2=" ">
    <subfield code="a">SEG42</subfield>
  </datafield>
  <datafield tag="526" ind1=" " ind2=" ">
    <subfield code="a">SEG41</subfield>
  </datafield>
  <datafield tag="526" ind1=" " ind2=" ">
    <subfield code="a">SEG40</subfield>
  </datafield>
  <datafield tag="526" ind1=" " ind2=" ">
    <subfield code="a">SEG39</subfield>
  </datafield>
  <datafield tag="526" ind1=" " ind2=" ">
    <subfield code="a">P94</subfield>
  </datafield>
  <datafield tag="526" ind1=" " ind2=" ">
    <subfield code="a">P87</subfield>
  </datafield>
  <datafield tag="526" ind1=" " ind2=" ">
    <subfield code="a">P86</subfield>
  </datafield>
  <datafield tag="526" ind1=" " ind2=" ">
    <subfield code="a">P85</subfield>
  </datafield>
  <datafield tag="526" ind1=" " ind2=" ">
    <subfield code="a">P77</subfield>
  </datafield>
  <datafield tag="526" ind1=" " ind2=" ">
    <subfield code="a">P76</subfield>
  </datafield>
  <datafield tag="526" ind1=" " ind2=" ">
    <subfield code="a">P35</subfield>
  </datafield>
  <datafield tag="650" ind1=" " ind2="0">
    <subfield code="a">Demonology</subfield>
    <subfield code="x">History.</subfield>
  </datafield>
  <datafield tag="650" ind1=" " ind2="0">
    <subfield code="a">Demonolog&#xED;a</subfield>
    <subfield code="x">Historia.</subfield>
  </datafield>
  <datafield tag="700" ind1="1" ind2=" ">
    <subfield code="a">Bhayro, Siam,</subfield>
    <subfield code="e">editor.</subfield>
  </datafield>
  <datafield tag="910" ind1=" " ind2=" ">
    <subfield code="a">dbm</subfield>
    <subfield code="b">jpc</subfield>
    <subfield code="c">jpc</subfield>
    <subfield code="d">20180305</subfield>
  </datafield>
  <datafield tag="942" ind1=" " ind2=" ">
    <subfield code="2">ddc</subfield>
    <subfield code="c">BOOK</subfield>
  </datafield>
  <datafield tag="994" ind1=" " ind2=" ">
    <subfield code="a">C0</subfield>
    <subfield code="b">PEPRU</subfield>
  </datafield>
  <datafield tag="596" ind1=" " ind2=" ">
    <subfield code="a">1</subfield>
  </datafield>
  <datafield tag="999" ind1=" " ind2=" ">
    <subfield code="a">202.16 D5</subfield>
    <subfield code="w">DEWEY</subfield>
    <subfield code="c">27057</subfield>
    <subfield code="i">78387</subfield>
    <subfield code="f">2021-11-9</subfield>
    <subfield code="g">4</subfield>
    <subfield code="l">CCODEBUL1</subfield>
    <subfield code="m">BUL</subfield>
    <subfield code="p">121.00</subfield>
    <subfield code="r">0</subfield>
    <subfield code="s">Y</subfield>
    <subfield code="t">BOOK</subfield>
    <subfield code="u">2018-3-5</subfield>
    <subfield code="x">TEOLOGIA</subfield>
    <subfield code="P">P35</subfield>
    <subfield code="0">COMPRA</subfield>
    <subfield code="o">.STAFF. Colecci&#xF3;n Teolog&#xED;a</subfield>
    <subfield code="d">27057</subfield>
  </datafield>
  <datafield tag="980" ind1=" " ind2=" ">
    <subfield code="8">1</subfield>
    <subfield code="g">ALBERTO SANCHEZ Responsable de Automatizaci&#xF3;n</subfield>
  </datafield>
  <datafield tag="952" ind1=" " ind2=" ">
    <subfield code="r">2025-12-02 00:00:00</subfield>
    <subfield code="i">5</subfield>
    <subfield code="l">0</subfield>
    <subfield code="o">202.16 D5</subfield>
    <subfield code="p">78387</subfield>
    <subfield code="t">e1</subfield>
    <subfield code="v">126.00</subfield>
    <subfield code="w">2018-03-05</subfield>
    <subfield code="x">FT</subfield>
    <subfield code="y">BK</subfield>
    <subfield code="z">inventario-2023-12-13</subfield>
    <subfield code="1">0</subfield>
    <subfield code="2">ddc</subfield>
    <subfield code="5">0</subfield>
    <subfield code="7">0</subfield>
    <subfield code="8">GEN</subfield>
    <subfield code="f">P35</subfield>
    <subfield code="a">BUL</subfield>
    <subfield code="b">BUL</subfield>
    <subfield code="c">GEN</subfield>
    <subfield code="d">2018-03-05</subfield>
    <subfield code="e">COMPRA</subfield>
    <subfield code="g">121.00</subfield>
  </datafield>
</record>
